000 00795nam a2200241 a 4500
001 BRCA_5738
005 20190320205210.0
008 040311s1938----fr-a######---#000-0#eng-#
041 _aeng
044 _afr
050 4 _aND615
_b.B39 1938
100 1 _aBazin, Germain René Michel
_d1901-1990
_99325
245 1 0 _aItalian painting in the XIVth and XVth centuries
_cby Germain Bazin, translated from the French by Mary Chamot.
260 _aFrancia
_bHyperion
_c1938
300 _a37 p.
_bil. (algunas a color), 96 láminas
_c31 cm.
500 _aContiene biografía de artistas Italianos del siglo XIV y XV
500 _aE176
504 _aBibliografía: p. 37
650 1 4 _aPintores italianos
_yS. XIV-XV
_914557
700 1 _aChamot, Mary
_etr.
_914558
902 _aGFM
942 _2lcc
_cB
999 _c5428
_d5428